000 00589nam a22001937a 4500
003 OSt
005 20240626111247.0
008 240626b |||||||| |||| 00| 0 eng d
020 _a1-4039-0362-x
040 _cMUST
082 _a337 TUR 2003
100 _aBusumtwi-Sam k, James
_917986
245 _aTurbulence and new Directions in Global Political Economical
_cEdited byjames Busumtwi-Sam and Laurent Dobuzinskis
300 _axiv,234p;
_c22cm
440 _aInternational political Economy
_917987
504 _aindexes included
650 _2political Economy
942 _2ddc
_cO_SHELF
999 _c8894
_d8894